000 00782cam a2200229 i 4500
001 1335824
005 19860701000000.0
008 790307s1979 nyua 001 0 eng
010 _a 79004414
020 _a0442222238
040 _aDLC
_cDLC
_dDLC
050 0 0 _aTP1150
_b.D93
082 0 0 _a668.412
_222
_bDYM
100 1 _aDym, Joseph B.
_96487
245 1 0 _aInjection molds and molding :
_ba practical manual /
_cJoseph B. Dym.
260 _aNew York :
_bVan Nostrand Reinhold Co.,
_cc1979.
300 _axiv, 400 p. :
_bill. ;
_c24 cm.
500 _aIncludes index.
650 0 _aPlastics
_xMolding.
_96488
942 _2ddc
_cBB
999 _c11905
_d11905